Κώστας Μόντης (1914-2004) : ο περιπατητής του ουρανού
Αποθηκεύτηκε σε:
| Άλλοι συγγραφείς: | |
|---|---|
| Μορφή: | Βιβλίο |
| Γλώσσα: | Greek |
| Δημοσίευση: |
Λευκωσία :
Πολιτιστικές Υπηρεσίες Υπουργείου Παιδείας και Πολιτισμού,
2008
|
| Θέματα: | |
| Ετικέτες: |
Προσθήκη ετικέτας
Δεν υπάρχουν, Καταχωρήστε ετικέτα πρώτοι!
|
MARC
| LEADER | 00000cam a2200000 i 4500 | ||
|---|---|---|---|
| 001 | 1/39407 | ||
| 008 | 131218s2008 gre d | ||
| 020 | |a 978-9963-0-0121-7 | ||
| 035 | |l 10116196 | ||
| 040 | |a GR-MY-UA |b gre |e aacr | ||
| 041 | 0 | |a gre | |
| 082 | 0 | |a 889.14 |2 (22) | |
| 245 | 1 | 0 | |a Κώστας Μόντης (1914-2004) : |b ο περιπατητής του ουρανού / |c επιμέλεια: Κώστας Νικολαϊδης |
| 260 | |a Λευκωσία : |b Πολιτιστικές Υπηρεσίες Υπουργείου Παιδείας και Πολιτισμού, |c 2008 | ||
| 300 | |a 345 σ.; |c 24 εκ. | ||
| 500 | |a Ανακοινώσεις του Διεθνούς Συμποσίου 'Κώστας Μόντης' που οργανώθηκε από το Πανεπιστήμιο Κύπρου και το Υπουργείο Παιδείας και Πολιτισμού της Κύπρου στη Λευκωσία (17-19 Ιουνίου 2005) | ||
| 600 | 1 | 0 | |a Μόντης, Κώστας, |d 1914-2004. |
| 650 | 0 | 0 | |a Greek literature |x History and criticism. |
| 650 | 0 | 0 | |a Cyprian literature |x History and criticm. |
| 700 | 1 | |a Νικολαΐδης, Κώστας Ν., |d 1922- |4 edt | |
| 852 | |a INST |b RHODES |e 20131218 |h 889.14 ΚΩΣ |p 005400035950 |q 005400035950 |t BK |y 0 | ||
| 901 | |a BIBL4-2013-3 | ||
| 909 | |a Ρ |b 182458 | ||
| 922 | |a 4ΕΛΗ | ||
| 970 | |z 2013/12/18 | ||